000 00520nam a22001817a 4500
999 _c16711
_d16711
003 AR-CdUCM
008 190504b ||||| |||| 00| 0 spa d
040 _aMUNICIPALIDAD PROVINCIAL DEL CUSCO
_cBIBLIOTECA MUNICIPAL DEL CUSCO
082 _a194 /
_bB39
100 _aBergson, Enrique.
_936308
245 _aLa risa /
260 _aBuenos Aires :
_bEditorial Tor,
300 _a156 páginas ;
_c18 cm.
505 _aContenido :La risa.
650 _aLiteratura.
_983
942 _2ddc
_cLIBROS
945 _arum
_d2019-05-04